000 02504nac a2200265 a 4500
003 CO-PeBPM
005 20250721165057.0
008 250721s2024 ck ao||| |||| 00| 0 spa d
020 _aISBN: 9789589223130
040 _aCO-PeBPM
_bspa
_cCO-PeBPM
_erda
041 _aspa
082 0 4 _a363.11 A596a
_222
245 1 0 _aEl Anhelo de un Abrazo
_b: Una historia del cuidado y de la Seguridad y Salud en el Trabajo
_c / Grupo de investigación Juan Pablo Parra Duque... [y otros tres]; revisión técnica Jacqueline Mesa Sierra y Carolina Antolinez Figueroa
250 _aPrimera edición
260 _aBogotá, Colombia
_b : Consejo Colombiano de Seguridad (CCS)
_c, 2024
300 _a235 páginas
_bilustraciones, fotografías en blanco y negro
_c23 centímetros
500 _aIncluye índice
500 _aIncluye referencia de imágenes
504 _aIncluye referencias bibliográficas
520 _aEl Anhelo de un Abrazo, como su título lo anticipa, integra la aspiración fundamental de fundirnos, al final de cada jornada laboral, en un cálido reencuentro con nosotros mismos, con nuestros seres queridos y con nuestro preciado planeta, pero también invita a abrazar un compromiso con el bienestar, la prosperidad y la felicidad de las generaciones presentes y futuras. “Este libro es un legado del CCS para estudiantes, profesionales, amantes del cuidado y del bienestar o simples curiosos de esta maravillosa narración que se viene tejiendo desde los albores de la humanidad y que, hoy por hoy, seguimos construyendo porque no existe mayor riqueza que la vida... Tomado de: https://acortar.link/VmZz9KEl Anhelo de un Abrazo, como su título lo anticipa, integra la aspiración fundamental de fundirnos, al final de cada jornada laboral, en un cálido reencuentro con nosotros mismos, con nuestros seres queridos y con nuestro preciado planeta, pero también invita a abrazar un compromiso con el bienestar, la prosperidad y la felicidad de las generaciones presentes y futuras. “Este libro es un legado del CCS para estudiantes, profesionales, amantes del cuidado y del bienestar o simples curiosos de esta maravillosa narración que se viene tejiendo desde los albores de la humanidad y que, hoy por hoy, seguimos construyendo porque no existe mayor riqueza que la vida... Tomado de: https://acortar.link/VmZz9K
650 1 4 _aSalud ocupacional - Historia - Colombia
_2LEMB
650 1 4 _aRiesgos profesionales
_2LEMB
650 1 4 _aSeguridad industrial
_2LEMB
942 _2ddc
_cBK
_n0
999 _c61056
_d61056